Environmental and social-economic impacts of sewage sludge treatment : The evidence of Beijing
This book presents an experimental simulation of sewage treatment, which is designed to evaluate the environmental and social-economic impacts of integrated sewage treatment policies. The author puts forward a comprehensive linear optimization simulation model that takes the environmental, energy an...
Kaydedildi:
| Yazar: | |
|---|---|
| Materyal Türü: | Kitap |
| Dil: | Undetermined |
| Baskı/Yayın Bilgisi: |
Singapore
Springer
2016
|
| Konular: | |
| Etiketler: |
Etiketle
Etiket eklenmemiş, İlk siz ekleyin!
|
| Thư viện lưu trữ: | Trung tâm Học liệu Trường Đại học Cần Thơ |
|---|
| LEADER | 01407nam a2200229Ia 4500 | ||
|---|---|---|---|
| 001 | CTU_207726 | ||
| 008 | 210402s9999 xx 000 0 und d | ||
| 020 | |c 1250000 | ||
| 082 | |a 628.364 | ||
| 082 | |b Z11 | ||
| 100 | |a Zhang, Guofeng | ||
| 245 | 0 | |a Environmental and social-economic impacts of sewage sludge treatment : | |
| 245 | 4 | |b The evidence of Beijing | |
| 245 | 0 | |c Guofeng Zhang | |
| 260 | |a Singapore | ||
| 260 | |b Springer | ||
| 260 | |c 2016 | ||
| 520 | |a This book presents an experimental simulation of sewage treatment, which is designed to evaluate the environmental and social-economic impacts of integrated sewage treatment policies. The author puts forward a comprehensive linear optimization simulation model that takes the environmental, energy and economic systems into consideration. Beijing was selected as a typical Chinese city for the purposes of simulation, and the comprehensive model employed realistically reflects the specific and unique characteristics of Beijing's social economy and environmental status. Given the importance of sewage treatment and the accurate assessment of its impacts, the book will be of interest to researchers and scholars of environmental economics. | ||
| 650 | |a Sewage sludge,Bùn thải | ||
| 650 | |x Environmental aspects,Khía cạnh môi trường | ||
| 904 | |i Hải | ||
| 980 | |a Trung tâm Học liệu Trường Đại học Cần Thơ | ||